| 000 | 00537nam a2200169Ia 4500 | ||
|---|---|---|---|
| 008 | 220216s9999 xx 000 0 und d | ||
| 100 | _aSumarmadji | ||
| 245 | 0 | _aEthepon-induced specific proteins on several rubber plant (Hevea brasiliensis Muell. Arg.) | |
| 260 | _bPreprints of Papers. International Natural Rubber Conference 13-14 November 2006, Vietnam, pp.137. | ||
| 650 | _aEthephon | ||
| 650 | _aLatex | ||
| 650 | _aSDS-PAGE | ||
| 650 | _aSpecific protein | ||
| 700 | _aSiswanto | ||
| 700 | _aTistama Radite | ||
| 942 | _cJS | ||
| 999 |
_c58854 _d58854 |
||